=LDR 00000nam 2200000 4500 =001 INLIS000000000020332 =005 20130612115306 =008 ***********************************Ind** =035 ##$$0010-061300000020332 =041 ##$$a Ind =082 ##$$a 345.023 23 =090 ##$$a 345.023 23, Ham p =100 ##$$a Hamzah, Jur Andi =245 ##$$a Pemberantasan korupsi melalui hukum pidana nasional dan internasional, Prof. Dr. Jur Andi Hamzah =260 ##$$a 2006 $b Jakarta =300 ##$$a xvii, 505 hlm, 20 cm =650 ##$$a Korupsi =850 ##$$a NBPNMAT =990 ##$$a 0001/BPAP-NTB/20142014 =990 ##$$a 0001/BPAP-NTB/20142015 =990 ##$$a 0156/BPAP-NTB/2016 =990 ##$$a 27382738 =990 ##$$a 20801731 =990 ##$$a 0001/BPAP-NTB/20142014 =990 ##$$a 0001/BPAP-NTB/20142015 =990 ##$$a 0156/BPAP-NTB/2016